000 00292nam a22001337a 4500
008 181017b xxu||||| |||| 00| 0 eng d
020 _a9780536402349
041 _aeng
080 _21st
_a159.9
100 _a48
101 _aPSI
245 _aPsychology
_cCiccarelli,S.K
942 _2udc
_cBK
999 _c50021
_d50021